Loading...

Rapid review of hematology

Bibliografiske detaljer
Hovedforfatter: Ramdas Nayak
Andre forfattere: Sharada Rai
Format: Printed Book
Sprog:English
Udgivet: New Delhi Jaypee Brothers 2014
Fag:
LEADER 00578cam a2200169ua 4500
001 22728
008 150112n2014 ii |||gr||||Z||||||eng
020 |a 978-93-5090-961-4 
082 |a 616.15 
100 |a Ramdas Nayak. 
245 |a Rapid review of hematology  |c Ramdas Nayak and Sharada Rai  |h Textual Documents 
260 |a New Delhi  |b Jaypee Brothers  |c 2014 
300 |a 140p. 
650 |a Hematology 
700 |a Sharada Rai. 
999 |c 45914  |d 45914 
952 |0 0  |1 0  |4 0  |6 616_150000000000000_RAM_R  |7 0  |9 57900  |a KU  |b KU  |d 2015-07-05  |l 12  |o 616.15 RAM/R  |p HS01600  |r 2019-10-10  |s 2019-09-20  |w 2015-07-05  |y BK